Statistics for Guess The Rapper by City

Click here to take the quiz!

General Stats

  • This quiz has been taken 10 times
  • The average score is 10 of 38

Answer Stats

HintAnswer% Correct
Chicago (IL)Kanye
78%
Toronto (CANADA)Drake
67%
Compton (CA)Kendrick Lamar
67%
Chicago (IL)Lil Durk
67%
Atlanta (GA)21 Savage
56%
Atlanta (GA)Quavo
56%
Harlem (NY)ASAP Rocky
44%
Baton Rouge (LA)NBA Youngboy
44%
Atlanta (GA)Offset
44%
Atlanta (GA)Future
33%
Chicago (IL)G Herbo
33%
Memphis (TN)Moneybagg Yo
33%
Houston (TX)Travis Scott
33%
Atlanta (GA)Young Thug
33%
Los Angeles (CA)Blueface
22%
Charlotte (NC)Dababy
22%
Atlanta (GA)Gunna
22%
The Bronx (NY)Ice Spice
22%
Fayetteville (NC)J Cole
22%
Atlanta (GA)Lil Baby
22%
The Bronx (NY)Lil Tjay
22%
Phliadelphia (PA)Lil Uzi
22%
Memphis (TN)NLE Choppa
22%
Riverdale (GA)Playboi Carti
22%
Chicago (IL)Polo G
22%
Compton (CA)Roddy Ricch
22%
Highbridge (NY)A Boogie
11%
Compton (CA)Baby Keem
11%
Houston (TX)Don Toliver
11%
Louisville (KY)Jack Harlow
11%
Atlanta (GA)JID
11%
New Orleans (LA)Lil Wayne
11%
Memphis (TN)Pooh Shiesty
11%
Canton (OH)Trippie Redd
11%
Memphis (TN)BIG30
0%
Baton Rouge (LA)Kevin Gates
0%
Pompano Beach (FL)Kodak Black
0%
St Petersburg (FL)Rod Wave
0%

Score Distribution

Percentile by Number Answered

Percent of People with Each Score

Your Score History

You have not taken this quiz